01271 a2200241 45000010006000000050017000060080041000230030015000640400040000790800033001192450059001522500012002112640036002233000019002595050275002780410008005539420007005615900036005681000024006049990015006289520247006439520139008902497220260407155532.0260407a1995 arg spa dAR-UNSa-BCEJYS aAR-UNSa-BCEJYSbspacAR-UNSa-BCEJYS a517.5xTeoría de funciones10aIntroducción al análisis matemáticopCálculo 1 a13a. ed 1aBuenos Aires :bEl Ateneoc1995 a499 p.c23 cm. a1. Nociones Previas - 2. Conjuntos de puntos - 3. Funciones escalares - 4. Límite funcional - 5. Continuidad - 6. Derivada - 7. Máximos y mínimos - 8. Fórmula de Taylor - 9. Sucesiones numéricas - 10. Series numéricas - 11. Primitivas - 12.Integral definida. aspa cBK aniveau_biblio:m niveau_hierar:01 aRabuffetti, Hebe T. c1249d1249 00104070aBCEJYSbBCEJYSc16d2026-04-07l0o517.5 R117 v.1 13ed.pL69540r2026-04-07 15:55:32w2026-04-07yLzHASTA PÁG 12 DOBLADAS - RESALTADOR DESDE PÁG 89 A 91 - LÁPIZ - LAPICERA - ÚLTIMA PÁG ROTA - UN POCO HÚMEDO - MANCHADO 00104070aBCEJYSbBCEJYSc16d2026-04-07l0o517.5 R117 v.1 13ed.pL69537r2026-04-07 15:55:32w2026-04-07yLzTAPA PEGADA CON CINTA